000 00577nam a2200205Ia 4500
999 _c129516
_d129516
001 11307
003 PK-LaUMT
005 20221115124527.0
008 140331s9999 xx 000 0 und d
020 _a0-673-99440-6
040 _cPK-LaUMT
082 _a 519.5077
_bBRO-S
100 _aAmos, Jimmy R., J.T.; (Mink, Oscar G.), J.T.
245 _aStatistical concepts : A basic program
_cAmos, Jimmy R., J.T.; (Mink, Oscar G.), J.T.<>Brown, Foster Lloyd
260 _c1995
300 _a192 p.
546 _aEN
700 _aBrown, Foster Lloyd
942 _cSTK2001
_2ddc